000 00610nam a22001937a 4500
999 _c180177
_d180177
005 20210728105927.0
010 _aB-740661
020 _c40.00
_a8172290519
035 _aB-7406661
037 _bGift
082 _a370
100 _aGandhi, M. K.
245 _aThe law and the lawyers /
_cby M. K. Gandhi ; compiled and edited by S. B. Kher
260 _bNavajivan Publishing House
_c2004
_aAhmedabad
300 _axxviii, 300p.
_c18cm(pbk)
700 _aKher, S.B.
942 _2ddc
_cEN
_h370
_mGAN